00253nam a2200109 a 4500008004100000245001100041100002200052041000800074044001100082260004300093020000700136101208s1988|||| d10aObrazy1 aŠtraus, Dušan aslo axocSK bDuklianske tlačiarneaPrešovc1988 c10